000
00199 a2200097 4500
001
47209
100
_a
Christian, S
245
_a
Burma
260
_a
Bombay
_b
Thacker & Co.
_c
090
_c
30261
_d
30261
942
_a
NUST-CAE
_c
M
_c
22516
999
_c
282282
_d
282282